000
00208nam a22000977a 4500
008
151124b xxu||||| |||| 00| 0 eng d
100
_a
KLB
245
_a
Secondary Physics
250
_a
3RD ED
260
_c
2005
999
_c
251478
_d
251478